Final CFP Poll - Statistics

General Stats
  • This quiz has been taken 33 times
  • The average score is 21 of 25
Answer Stats
Rank Change in Poll Team % Correct
1 Up 1 Indiana
100%
2 Down 1 Ohio State
100%
5 Stay Oregon
100%
13 Stay Texas
100%
20 Stay Tulane
100%
9 Stay Alabama
96%
3 Stay Georgia
96%
6 Stay Ole Miss
96%
24 Up 1 James Madison
93%
10 Up 2 Miami
93%
11 Down 1 Notre Dame
93%
16 Stay USC
93%
18 Up 1 Michigan
89%
8 Stay Oklahoma
89%
7 Stay Texas A&M
89%
4 Stay Texas Tech
89%
14 Stay Vanderbilt
86%
12 Down 1 BYU
82%
25 Down 1 North Texas
75%
15 Stay Utah
71%
23 Stay Iowa
68%
19 Down 2 Virginia
64%
17 Up 1 Arizona
57%
22 Stay Georgia Tech
57%
21 Stay Houston
36%
No matching quizzes found
Score Distribution
Percent of People with Each Score
Percentile by Number Answered
Your Score History
You have not taken this quiz